| 000 | 02383cam a22001935a 4500 | ||
|---|---|---|---|
| 001 | L155386 | ||
| 008 | 120320s1777 xxk f 000 0 eng d | ||
| 035 | _a(Sirsi) u155386 | ||
| 041 | 0 | _aeng | |
| 245 | 0 | 4 |
_aThe new complete guide to all persons who have any Trade or Concern with the City of London _band parts adjacent. Containing I. The Names of all the Streets, Squares, &c. in the said City, and within the Bills of Mortality. II. The Names and Situation of the Companies Halls, &c. within the said Bills of Mortality. III. The New Rates for Carmen, as settled by the Lord Mayor, &c. the 11th of July, 1757, and the Rates of Watermen, Hackney Coachmen, Chairmen, and Potters. IV. Rates of the General-Post, and Penny-Post Offices, where kept, and to what Places they send Letters and Parcels; and the Holidays kept at the Public Offices. V. An Account of the Coasting Vessels, &c. VI. An Account of all the Stage-Coaches, with the Fares of Passengers, Carriers, &c. where they inn. and when they go out. Vii. Of entering Goods at the Custom-House. Viii. The Names and Places of Abode of the most eminent Merchants and Traders in and about London. IX. List of the Lord-Mayor and Court of Aldermen of the City of London, with their Wards. X. Directors of the Bank of England, South-Sea and India Companies; Royal-Exchange Assurance; Sun-Fire-Office, and London Assurance; Commissioners for Trade and Plantations, of the Excise, and the Customs. Being The exactest Piece of the Kind hitherto published: And designed for the Use of Persons of All Degrees, as well Natives as Foreigners. with large Additions and Alterations And a new and accurate Plan of London, Westminster, Southwark, and Parts adjacent; also an exact Plan of the Royal-Exchange, shewing the several Walks or Places for transacting Business by the different Merchants, Traders, &c. |
| 250 | _aThe fifteenth edition, .. | ||
| 260 |
_a[London] _bPrinted for T. Longman, J. Rivington, J. Hinton, S. Crowder, T. Caslon; E. and C. Dilly; W. Stuart; S. Bladon; and R. Baldwin _cMDCCLXXVII. [1777] |
||
| 300 |
_a[2], 293, [3] p., plates _c12o |
||
| 520 | _aOriginally published as "A compleat guide to all persons .. "; also published as "Baldwin's new complete guide". | ||
| 583 |
_aCondition reviewed _c20120620 _lcondition level 2 |
||
| 651 | 4 |
_aGreat Britain _y1707- |
|
| 690 |
_aMeasurement _96256 |
||
| 942 | _n0 | ||
| 999 |
_c113529 _d113529 |
||